| 000 | 00917nam a2200241Ia 4500 | ||
|---|---|---|---|
| 001 | 8939 | ||
| 003 | GE_BSU | ||
| 008 | 181216s||||||||xx |||||||||||||| ||und|| | ||
| 040 | _cGE_BSU | ||
| 080 | _a821.353.1-31 | ||
| 100 | _aკვიცარიძე,დავით | ||
| 245 | _aთხზულებათა სრული კრებული სამ ტომად | ||
| 245 | _bტ.1:სადა ხარ მარინე!ნდობა:რომანები. | ||
| 245 | _cრედ:თეიმურაზ ლანჩავა;ოთარ ქანდარია. | ||
| 260 | _aქუთაისი | ||
| 260 | _bსაბჭ.საქართველო | ||
| 260 | _c1981. | ||
| 300 | _a655გვ;20სმ. | ||
| 300 | _bპორტრეტი. | ||
| 653 | _aრომანები | ||
| 653 | _aსადა ხარ მარინე!ნდობა | ||
| 942 | _cBK | ||
| 999 |
_c42244 _d42244 |
||